000 00409nam a2200169Ia 4500
001 8581
003 GE_BSU
008 181216s||||||||xx |||||||||||||| ||und||
040 _cGE_BSU
245 _aФармация. №7 2013.
245 _cГл. ред.И.А. Самылина и др.
260 _aМосква
260 _c2013
300 _a56стр.29см.
653 _aФармация
942 _cCR
999 _c41897
_d41897